|
|
|
|
| LEADER |
01400nam a2200325 a 4500 |
| 001 |
27390 |
| 005 |
20150131112446.0 |
| 008 |
130804t20122005enka b 001 0 eng |
| 010 |
|
|
|a 95002782
|
| 020 |
|
|
|a 9780521670562
|
| 020 |
|
|
|a 9780521670548 (v. 2)
|
| 020 |
|
|
|a 9780521550024 (v. 2)
|
| 020 |
|
|
|a 0521550025 (v. 2)
|
| 040 |
|
|
|a DLC
|c DLC
|d DLC
|d BD-DhAAL
|
| 050 |
0 |
0 |
|a QC174.45
|b .W45 1995
|
| 082 |
0 |
0 |
|a 530.1/43
|2 20
|
| 999 |
|
|
|c 13813
|d 13813
|
| 999 |
|
|
|c 13813
|
| 999 |
|
|
|c 13813
|
| 100 |
1 |
|
|a Weinberg, Steven,
|d 1933-
|9 2537
|
| 245 |
1 |
4 |
|a The quantum theory of fields, volume II :
|c Steven Weinberg.
|b modern applications /
|
| 260 |
|
|
|a Cambridge ;
|a New York :
|b Cambridge University Press,
|c 2005 [12th printing 2012]
|
| 300 |
|
|
|a 2 v. :
|b ill. ;
|c 26 cm.
|
| 504 |
|
|
|a Includes bibliographical references and indexes.
|
| 505 |
0 |
|
|a v. 1. Foundations -- v. 2. Modern applications -- v. 3. Supersymmetry.
|
| 541 |
|
|
|d 27390, 27391
|
| 650 |
|
0 |
|a Quantum field theory.
|9 2535
|
| 942 |
|
|
|2 ddc
|c BK
|
| 952 |
|
|
|0 0
|1 0
|2 ddc
|4 0
|6 530_143000000000000_WEI
|7 0
|9 23111
|a BRACUL
|b BRACUL
|c GEN
|d 2013-08-04
|e Karim International
|g 4300.00
|l 3
|m 3
|o 530.143 WEI
|p 3010027390
|r 2025-08-19
|s 2025-04-24
|t 1
|w 2013-08-04
|y BK
|
| 952 |
|
|
|0 0
|1 0
|2 ddc
|4 0
|6 530_143000000000000_WEI
|7 0
|9 23112
|a BRACUL
|b BRACUL
|c GEN
|d 2013-08-04
|e Karim International
|g 4300.00
|l 1
|o 530.143 WEI
|p 3010027391
|r 2013-10-02
|s 2013-09-02
|t 2
|w 2013-08-04
|y BK
|